| 000 | 00414nam a2200157Ia 4500 | ||
|---|---|---|---|
| 008 | 210716s2004 xx 000 0 und d | ||
| 020 | _a8172882661 | ||
| 041 | _aeng | ||
| 082 | _a658.1511 MOHN | ||
| 100 | _aMohan, Man;Goyal, Shiv N. | ||
| 245 | _aPrinciples of management accounting. | ||
| 250 | _a1 | ||
| 260 |
_aAgra _bSahitya Bhawan Publications _c2004 |
||
| 300 | _a240 | ||
| 650 | _aManagement Accounting | ||
| 999 |
_c199336 _d199336 |
||